000 00814nmm a2200313 a 4500
003 AR-BaBNM
005 20251128202811.0
008 107019s1971 ||||||||||||||000 | spa||
040 _cAR-BaBNM
100 1 _aLuna, Félix
245 1 0 _aLos caudillos
250 _a4ª ed.
260 _aBuenos Aires
_bLillo
_c1971
300 0 _a321 p.
600 1 4 _aArtigas, José Gervasio
_d1764-1850
600 1 4 _aRamírez, Francisco
600 1 4 _aQuiroga, Juan Facundo
600 1 4 _aPeñaloza, Angel Vicente
600 1 4 _aVarela, Felipe
650 4 _aANARQUIA DE 1820
650 4 _aMONTONERAS
650 4 _aCAUDILLOS ARGENTINOS
650 4 _aHISTORIA POLITICA
650 4 _aPERIODO INDEPENDIENTE
650 4 _aGUERRAS DE LA INDEPENDENCIA
650 4 _aGOBIERNOS 1820-29
942 _cBK
998 _cmariana
999 _c633
_d633